[Event "San Francisco Grey Memorial"]
[Site "San Francisco"]
[Date "2017.08.29"]
[Round "4"]
[White "Simpkins, Jerry"]
[Black "Garfield, Nicholas"]
[Result "1-0"]
[WhiteElo "1553"]
[BlackElo "1192"]
[PlyCount "63"]
[EventDate "2017.08.08"]
[EventType "swiss"]
[EventRounds "9"]
[EventCountry "USA"]
[SourceTitle "EXT 2023"]
[Source "ChessBase"]
[SourceDate "2022.10.05"]
[SourceVersion "1"]
[SourceVersionDate "2022.10.05"]
[SourceQuality "1"]

1. e4 e6 2. f4 d5 3. e5 Ne7 4. d3 c5 5. c3 Nbc6 6. Nf3 Bd7 7. Na3 Nf5 8. Nc2 Be7 9. Ne3 Qb6 10. Nxf5 exf5 11. Be2 0-0-0 12. 0-0 c4+ 13. d4 f6 14. Rb1 h6 15. Kh1 g5 16. b3 g4 17. Nh4 Rdg8 18. Qe1 fxe5 19. fxe5 Bxh4 20. Qxh4 Nd8 21. Qf6 Qxf6 22. exf6 cxb3 23. Rxb3 Nf7 24. Ba3 Ng5 25. Bb5 Be6 26. Bd3 Ne4 27. Bxe4 dxe4 28. Rb2 Rg6 29. Be7 b6 30. d5 Bxd5 31. Rxf5 Bb7 32. f7 1-0

[Event "San Francisco TNM Summer op"]
[Site "San Francisco"]
[Date "2017.07.11"]
[Round "7"]
[White "Chan, John"]
[Black "Garfield, Nicholas"]
[Result "1-0"]
[WhiteElo "1582"]
[BlackElo "1104"]
[PlyCount "91"]
[EventDate "2017.05.23"]
[EventType "swiss"]
[EventRounds "8"]
[EventCountry "USA"]
[SourceTitle "EXT 2023"]
[Source "ChessBase"]
[SourceDate "2022.10.05"]
[SourceVersion "1"]
[SourceVersionDate "2022.10.05"]
[SourceQuality "1"]

1. d4 Nf6 2. Nf3 e6 3. c3 c5 4. e3 Nc6 5. Be2 Qc7 6. Nbd2 d5 7. a3 cxd4 8. cxd4 Bd6 9. Nf1 Ne4 10. Bd2 e5 11. Rc1 exd4 12. Nxd4 Bd7 13. Nb5 Qb6 14. Nxd6+ Nxd6 15. Bc3 0-0 16. Ng3 Ne7 17. 0-0 Bb5 18. Nh5 f6 19. Nf4 Bxe2 20. Qxe2 Ne4 21. Bd4 Qa5 22. Ne6 Rfc8 23. Rxc8+ Rxc8 24. g3 Nf5 25. Kg2 Nxd4 26. Nxd4 Qd2 27. Qg4 Rc1 28. Qf5 Rxf1 29. Kxf1 Qxb2 30. Qxd5+ Kf8 31. Qxe4 Qxa3 32. Qxb7 Qe7 33. Qb8+ Kf7 34. Nc6 Qd7 35. Qxa7 Qxa7 36. Nxa7 Ke6 37. Ke2 Kf5 38. f3 h5 39. e4+ Ke5 40. Ke3 g5 41. h3 h4 42. g4 f5 43. exf5 Kf6 44. Ke4 Ke7 45. Ke5 Kf7 46. Nc6 1-0

[Event "San Francisco TNM Spring op"]
[Site "San Francisco"]
[Date "2017.03.28"]
[Round "3"]
[White "Garfield, Nicholas"]
[Black "White, Benjamin M"]
[Result "0-1"]
[WhiteElo "1551"]
[BlackElo "1296"]
[PlyCount "84"]
[EventDate "2017.03.14"]
[EventType "swiss"]
[EventRounds "8"]
[EventCountry "USA"]
[SourceTitle "EXT 2023"]
[Source "ChessBase"]
[SourceDate "2022.10.05"]
[SourceVersion "1"]
[SourceVersionDate "2022.10.05"]
[SourceQuality "1"]

1. d4 f5 2. c4 Nf6 3. Nc3 g6 4. Nf3 Bg7 5. Qc2 d6 6. e3 Nc6 7. Bd2 e5 8. dxe5 dxe5 9. e4 0-0 10. a3 fxe4 11. Nxe4 Nxe4 12. Qxe4 Bf5 13. Qd5+ Kh8 14. Be2 e4 15. Ng5 Qxd5 16. cxd5 Nd4 17. Rc1 Nxe2 18. Kxe2 Bg4+ 19. f3 exf3+ 20. gxf3 Rae8+ 21. Kf2 Bd4+ 22. Kg3 Bh5 23. Bc3 Be5+ 24. Bxe5+ Rxe5 25. f4 Re3+ 26. Kf2 Re2+ 27. Kg3 Rf5 28. Rhe1 Rxd5 29. Rxe2 Bxe2 30. Rxc7 Ba6 31. Rxh7+ Kg8 32. h4 Rxg5+ 33. hxg5 Kxh7 34. Kf2 Bd3 35. Ke3 Bf5 36. Kd4 Kg7 37. Kc5 Kf7 38. Kd6 Bc2 39. b4 b5 40. Kc6 a6 41. Kb6 Ke6 42. Kxa6 Ba4 0-1